De quien es la naturaleza? la conservación de la biodiversidad y la ecología política de los movimientos sociales (Registro nro. 12940)

Detalles MARC
000 -CABECERA
Campo de control 006180000a22002050004500
090 ## - CLASIFICACIÓN LOCAL
Colección AR
Consecutivo 03905
041 0# - IDIOMA
Código de idioma para texto/pista de sonido o título separado
100 1# - ASIENTO PRINCIPAL--NOMBRE PERSONAL
Nombre personal Escobar, Arturo
245 10 - MENCION DE TITULO
Título De quien es la naturaleza? la conservación de la biodiversidad y la ecología política de los movimientos sociales
260 ## - PUBLICACION, DISTRIBUCION, ETC. (PIE DE IMPRENTA)
Lugar de publicación, distribución, etc. México
Nombre del editor, distribuidor, etc. PNUMA
Fecha de publicación, distribución, etc. 1997
260 ## - PUBLICACION, DISTRIBUCION, ETC. (PIE DE IMPRENTA)
Nombre del editor, distribuidor, etc. COLMEX
300 ## - DESCRIPCION FISICA
Extensión 1-25
650 14 - ASIENTO SECUNDARIO DE MATERIA - TERMINO TEMATICO
Término temático o nombre geográfico como elemento de entrada Biodiversidad
650 14 - ASIENTO SECUNDARIO DE MATERIA - TERMINO TEMATICO
Término temático o nombre geográfico como elemento de entrada Aspectos sociales
650 14 - ASIENTO SECUNDARIO DE MATERIA - TERMINO TEMATICO
Término temático o nombre geográfico como elemento de entrada Aspectos políticos
650 14 - ASIENTO SECUNDARIO DE MATERIA - TERMINO TEMATICO
Término temático o nombre geográfico como elemento de entrada Filosofía
651 #4 - ASIENTO SECUNDARIO DE MATERIA - NOMBRE GEOGRAFICO
-- Colombia
773 1# - Item fuente:
Título Ponencia al IV Foro del Ajusco
942 ## - ELEMENTOS ADICIONALES (KOHA)
Tipo de ítem Artículo
Existencias
Withdrawn status Lost status Damaged status No para préstamo Colección Ubicación Permanente Ubicación actual Fecha de adquisición Datos de publicación Seriada Total Checkouts Número topográfico Inventario / Código de Barras Date last seen Ejemplar Price effective from Forma de adquisición Tipo de material
      No para Préstamo Hemeroteca Bogotá Bogotá 27/02/2015 Fuera de circulación   AR 03905 014348 25/03/2015 1 25/03/2015   Artículo